Introductory statistics and probability : (Record no. 69468)
[ view plain ]
| 000 -LEADER | |
|---|---|
| fixed length control field | 00883nam a2200253 a 4500 |
| 001 - CONTROL NUMBER | |
| control field | 69468 |
| 003 - CONTROL NUMBER IDENTIFIER | |
| rucl marc code | BD-RjUL |
| 005 - DATE AND TIME OF LATEST TRANSACTION | |
| control field | 20211209081907.0 |
| 008 - FIXED-LENGTH DATA ELEMENTS--GENERAL INFORMATION | |
| fixed length control field | 170412r19841971maua 001 0 eng |
| 020 ## - INTERNATIONAL STANDARD BOOK NUMBER | |
| International Standard Book Number | 0395110637 |
| 035 ## - SYSTEM CONTROL NUMBER | |
| System control number | (BD-RjUL)69680 |
| 040 ## - CATALOGING SOURCE | |
| Original cataloging agency | DLC |
| Transcribing agency | DLC |
| Modifying agency | BD-RjUL |
| Language of cataloging | eng |
| 041 ## - LANGUAGE CODE | |
| Language code of text/sound track or separate title | eng |
| 082 ## - DEWEY DECIMAL CLASSIFICATION NUMBER | |
| Edition number | 23 |
| Classification number | 519.2 |
| Author mark and year | BLI 1985 |
| 100 1# - MAIN ENTRY--PERSONAL NAME | |
| Personal name | Blakeslee, David W. |
| 9 (RLIN) | 205774 |
| 245 10 - TITLE STATEMENT | |
| Title | Introductory statistics and probability : |
| Remainder of title | a basis for decision making / |
| Statement of responsibility, etc. | David W. Blakeslee [and] William G. Chinn. Editorial advisors: Andrew M. Gleason [and] Albert E. Meder, Jr. |
| 260 ## - PUBLICATION, DISTRIBUTION, ETC. (IMPRINT) | |
| Place of publication, distribution, etc. | Boston : |
| Name of publisher, distributor, etc. | Houghton Mifflin, |
| Date of publication, distribution, etc. | 1971, [reprinted 1985] |
| 300 ## - PHYSICAL DESCRIPTION | |
| Pagination | ix, 358 p. : |
| Illustrations | ill. ; |
| Size | 25 cm. |
| 650 #0 - SUBJECT ADDED ENTRY--TOPICAL TERM | |
| Topical term or geographic name as entry element | Probabilities. |
| 9 (RLIN) | 205775 |
| Topical term or geographic name as entry element | Mathematical statistics. |
| 9 (RLIN) | 205776 |
| Topical term or geographic name as entry element | Statistical decision. |
| 9 (RLIN) | 130490 |
| 700 1# - ADDED ENTRY--PERSONAL NAME | |
| Personal name | Chinn, William G. |
| 942 ## - ADDED ENTRY ELEMENTS (KOHA) | |
| Source of classification or shelving scheme | Dewey Decimal Classification |
| Koha item type | Books |
| Lost status | Source of classification or shelving scheme | Damaged status | Not for loan | Collection code | Permanent Location | Current Location | Shelving location | Date acquired | Source of acquisition | Total Checkouts | Full call number | Date last seen | Copy number | Koha item type |
|---|---|---|---|---|---|---|---|---|---|---|---|---|---|---|
| Dewey Decimal Classification | Not For Loan | Non-fiction | Central Library, University of Rajshahi | Central Library, University of Rajshahi | Reading Room | 03/02/1993 | Asia Foundation | 519.2 BLI 1984 | 12/04/2017 | C-1 | Books |